| Record ID | ia:approximationoff0000lore |
| Source | Internet Archive |
| Download MARC XML | https://archive.org/download/approximationoff0000lore/approximationoff0000lore_marc.xml |
| Download MARC binary | https://www.archive.org/download/approximationoff0000lore/approximationoff0000lore_meta.mrc |
LEADER: 00612nam a2200217 a 4500
001 85072465
003 DLC
005 19860627000000.0
008 850731s1986 nyua b 00110 eng
010 $a 85072465
020 $a0828403228 (alk. paper)
050 0 $aQA221$b.L6 1986
082 0 $a511/.4$219
100 10 $aLorentz, G. G.
245 10 $aApproximation of functions /$cby G.G. Lorentz.
250 $a2nd ed.
260 0 $aNew York, N.Y. :$bChelsea Pub. Co.,$cc1986.
300 $aix, 188 p. :$bill. ;$c24 cm.
504 $aBibliography: p. 179-184.
500 $aIncludes index.
650 0 $aApproximation theory.